| 000 | 00483nac a22001331u 4500 | ||
|---|---|---|---|
| 082 |
_a657.42 _bK452 |
||
| 090 |
_c335 _d335 |
||
| 100 | _aKhan, M.Y. | ||
| 245 |
_aTheory and problems in cost accounting/ _cM.Y. Khan, P.K. Jain |
||
| 260 |
_aNew Delhi _bTata McGraw-Hill _c2001 |
||
| 650 | _aCost accounting | ||
| 942 |
_cBB _k657.42K452 |
||
| 999 |
_c335 _d335 |
||